| 000 | 00610nam a2200181 a 4500 | ||
|---|---|---|---|
| 005 | 20140412111308.0 | ||
| 008 | 001117s19uu xx 00 eng d | ||
| 020 | _a0-8172-2608-7 | ||
| 050 |
_aM 612 _bL43 1986 |
||
| 245 | _aYou and your body. | ||
| 260 |
_a[s.l.] : _bRaintree Steck-Vaughn, _c1986. |
||
| 300 | _a78 p. ; col. ; ill. | ||
| 440 | _aLet's Discover, 9 | ||
| 500 | _aBibliography: p. 68. Includes index | ||
| 520 | _aA Reference book dealing with the working of the human body with special sections on the brain and sense, health and reproduction | ||
| 650 | _aBody, human | ||
| 999 |
_c103837 _d103837 |
||